00309 2200133 4500001002100000005001500021035002000036245004600056300000700102260003300109082000800142084001200150990001300162INLIS00000000000260720250605022846 a0010-0625000193 aMembuat Penerima Radio /cSupriyono Sakip a80 aYogyakarta :bAdicita,c2001 a600 a600 MEM a03203242